=LDR 00000nam 2200000 4500 =001 INLIS000000000000107 =005 20150116085517.0 =006 =007 =008 Ind =035 ##$$0010-061300000000107 =041 ##$$a Ind =082 ##$$a 915.98 =090 ##$$a 915.98 Ser =245 ##$$a Serat wredha mudha serat ngeluni sepiritisme, S.Budhisantoso...[et.al] =260 ##$$aJakarata$bProyek Penelitian dan Pengkajian Kebudayaan Nusantara$c1992 =300 ##$$aviii, 182 hlm. : ilus. ; 21 cm =650 ##$$a Geografi Budaya =700 ##$$a Budhisantoso,S =850 ##$$a NBPDMAT